[Event "NOR-ch"]
[Site "Kristiansund"]
[Date "1992.??.??"]
[Round "6"]
[White "Djurhuus, Rune"]
[Black "Gronn, Atle"]
[Result "1-0"]
[WhiteElo "2405"]
[BlackElo "2310"]
[Annotator "Bulletin"]
[PlyCount "77"]
[EventDate "1992.??.??"]
[EventType "swiss"]
[EventRounds "9"]
[EventCountry "NOR"]
[SourceTitle "TD"]
[Source "ChessBase"]
[SourceDate "1994.03.01"]
[SourceVersion "1"]
[SourceVersionDate "1994.03.01"]
[SourceQuality "1"]

1. d4 Nf6 2. c4 e6 3. Nc3 {UnngÅr 3.Sf3?! Lb4+!} Bb4 4. e3 c5 5. Bd3 Nc6 6.
Nge2 {NÅ for tiden er det fÅ hvitspillere som er villig til Е tillate Hübners
blokadeplan:} (6. Nf3 Bxc3+ 7. bxc3 d6 8. O-O e5) 6... cxd4 7. exd4 d5 8. cxd5
Nxd5 9. O-O O-O 10. Bc2 Re8 $5 11. Qd3 g6 12. Bb3 {Svart truet 12...e5.} Nxc3 (
12... Na5 {er interessant.}) 13. bxc3 Bf8 $2 {Ser naturlig ut, men er faktisk
en grov feil. Riktig er 13...Le7 hvoretter svart fÅr tid til b6 og Lb7.} 14.
Ng3 Ne5 {Svart overfKrer hesten til d7 for Е dekke f6.} (14... f5 15. a4 Kh8
16. f4 $1 {Hvit stÅr klart best pga. den svake bonden pÅ e6.}) 15. Qe2 Nd7 16.
Ne4 Be7 {InnrKmmer at 13...Lf8? var feil.} (16... Nf6 17. Ba4 $1) 17. Qf3 $1 {
Hindrer at svart fÅr Lc8 i spill via b7.} Qa5 (17... Nf6 18. Ba4 Rf8 19. Bh6
Nxe4 20. Qxe4 f5 21. Qe3 Rf7 22. Bb3 {Hvit stÅr til vinst.}) 18. Bf4 {
DÅrligere er} (18. Re1 Qf5 19. Qg3 Nf6 20. Nd6 $2 Bxd6 21. Qxd6 Ne4) 18... Nf6
19. Nd6 Bxd6 20. Bxd6 Qf5 21. Qxf5 gxf5 {Hvit har lKperparet og
utviklingsforsprang. Svarts bondestruktur pÅ kongeflKyen er dessuten noe
misformet.} 22. f3 $1 {[#] GjKr Sf6 dÅrlig. NÅ er svart svinebundet. Han
klarer ikke Е fÅ ut brikkene.} Bd7 {Andre trekk er like hÅplKse:} (22... b5 23.
a4 $1) (22... b6 23. Be5 $1 Nd7 24. Ba4 $1 a5 (24... a6 25. Bc6 Ra7 26. Bb8 $1)
(24... Rd8 25. Bc7 Re8 26. Bc6) 25. Rab1 {og svarts stilling bryter sammen.})
23. Be5 $1 Kg7 $6 {NKdvendig var} (23... Nd5 24. c4 Ne7 25. a4 $1 {Det er
veldig viktig at svart ikke fÅr lov til Е spille b5. NÅ har hvit en meget klar
fordel.}) 24. g4 $1 {[#] Bindingen av Sf6 blir skjebnesvanger for svart.} Kg6 (
24... fxg4 25. fxg4 {taper offiser.}) 25. gxf5+ exf5 (25... Kxf5 26. Bc2+ Kg5
27. f4+ {taper offiser.}) 26. Kf2 Nh5 27. Rg1+ Kh6 28. Bxf7 {Med bonde under
og kongen og hesten ute av spill, kunne svart gitt opp nÅ.} Re7 29. Bb3 Be6 30.
c4 Rc8 31. Rac1 b6 32. f4 a6 33. d5 Bf7 34. Rc3 Rd7 35. Rg5 b5 36. c5 Rxd5 37.
Bxd5 Bxd5 38. Rh3 Bf7 39. Bg7# 1-0

[Event "Budapest zt-A"]
[Site "Budapest"]
[Date "1993.??.??"]
[Round "2"]
[White "Suba, Mihai"]
[Black "Sax, Gyula"]
[Result "0-1"]
[WhiteElo "2520"]
[BlackElo "2570"]
[Annotator "Bulletin"]
[PlyCount "40"]
[EventDate "1993.03.??"]
[EventType "tourn"]
[EventRounds "11"]
[EventCountry "HUN"]
[EventCategory "11"]
[SourceTitle "CBM 034"]
[Source "ChessBase"]
[SourceDate "1993.06.01"]
[SourceVersion "1"]
[SourceVersionDate "1993.06.01"]
[SourceQuality "1"]

1. d4 {Stohl} Nf6 2. c4 e6 3. Nc3 Bb4 4. e3 O-O 5. Bd3 d5 6. Nge2 (6. cxd5 {
Stohl} exd5 7. Nge2 Re8 8. O-O Bd6 $13) 6... dxc4 7. Bxc4 e5 8. Qb3 $6 (8. a3
Bd6 9. dxe5 (9. Nb5 {Stohl} Nc6 $10) 9... Bxe5 10. Qxd8 Rxd8 $10 11. e4 h6 12.
f3 Nc6 13. Be3 Na5 14. Ba2 Be6 15. Bxe6 fxe6 16. Rd1 Nc4 17. Bc1 c5 $15 {
Tatai,S-Sax,G Roma 1985}) (8. dxe5 $6 {Stohl} Qxd1+ 9. Kxd1 Ng4 $15) (8. O-O {
Stohl} exd4 9. Nxd4 Nbd7 $132) 8... exd4 9. Nxd4 (9. Qxb4 $5 {Stohl} Nc6 10.
Qc5 $5 dxc3 11. Nxc3 $10) (9. exd4 {Stohl} Be7 10. O-O Nc6 $36 {/\Na5}) 9... c5
10. Nf3 (10. Nc2 Nc6 11. Be2 Bf5 12. O-O Qe7 $13) 10... Nc6 11. Qc2 Bg4 12. Bd2
Qd7 {/\ Bf5} 13. a3 Ba5 14. O-O-O (14. O-O $2 {Stohl} Bxf3 15. gxf3 Ne5 $40)
14... Bf5 15. Qb3 (15. e4 Bg6 (15... Nd4 $5 {Stohl} 16. Nxd4 cxd4 17. exf5 Rac8
$1 18. Qb3 $5 (18. Nb5 $2 Rxc4 19. Qxc4 Rc8 $19) (18. Bb5 $2 dxc3 $1 19. Bxd7
cxd2+ $19) (18. b3 dxc3 19. Bxc3 Qe7 $1 $44) 18... dxc3 19. Bxc3 Qc7 20. Rd4 (
20. Bxa5 Qxa5 21. Kb1 Qxf5+ $15) 20... Bxc3 21. Qxc3 a6 22. Kb1 b5 23. Bb3 Qxc3
24. bxc3 Rxc3 25. Kb2 $10) (15... Bg4 16. Be3 $13 {/\Nd5}) 16. Be3 (16. Bg5 $36
) 16... Qe7 17. Nd5 Nxd5 18. Bxd5 Nd4 $1 19. Bxd4 cxd4 20. Kb1 Rfd8 21. Rxd4
Rxd5 $1 22. Rxd5 Qxe4 $19) 15... Qe7 16. Nd5 (16. Nh4 Bg4 17. f3 Bxc3 18. Qxc3
Ne4 $1 19. fxe4 Qxh4 20. Rdf1 Qe7 21. Rf4 Ne5 22. Bd5 Rab8 23. Kb1 b5 $36) (16.
Rhe1 Bxc3 17. Bxc3 Ne4 18. Re2 b5 19. Bxb5 (19. Qxb5 Nxc3 20. bxc3 Qf6 21. Kd2
Rad8+ 22. Ke1 Qxc3+ 23. Red2 Bc2 24. Rc1 Rxd2 25. Nxd2 Rd8 $19) 19... Rab8 20.
Qc4 Nd6 21. Qxc5 Nxb5 22. Qxf5 Nxc3 $19) (16. Nh4 $17 {Stohl []}) 16... Nxd5
17. Bxd5 c4 $1 18. Qa4 $2 (18. Qxc4 Rac8) (18. Qa2 Rac8 (18... Bxd2+ {Stohl}
19. Nxd2 (19. Rxd2 Na5 20. Nd4 Qc5 $1 {/\Qd5,Nb3} 21. Nxf5 Nb3+ $19) 19... Ne5
$17) 19. Bxc6 Bxd2+ (19... c3 20. Bxc3 Bxc3 21. bxc3 Rxc6 22. Kd2 Bg4 23. Nd4
$1 $14) 20. Rxd2 Rxc6 21. Nd4 c3 22. bxc3 Rxc3+ 23. Kb2 Rc5 $15) (18. Bxc4 {
Stohl} Rac8 $19 {/\Qe4,Bd2,Na5}) 18... b5 $1 19. Qxb5 Rab8 20. Qxc6 (20. Qa4
Qf6 21. Nd4 Nxd4 22. exd4 Qxd4 23. Bc3 Qf4+ 24. Bd2 c3 $3 25. Bxf4 cxb2#) (20.
Qxc4 Qxa3 21. Qa2 Rxb2 $1 22. Qxb2 Rb8 $19) 20... Qxa3 (20... Qxa3 {Stohl} 21.
Bc3 (21. bxa3 Rb1#) 21... Bxc3 $19) 0-1

[Event "Czerniak Memorial 12th"]
[Site "Tel Aviv"]
[Date "1996.??.??"]
[Round "10"]
[White "Kantsler, Boris"]
[Black "Shabtai, Ran"]
[Result "1-0"]
[WhiteElo "2475"]
[BlackElo "2340"]
[Annotator "Bykhovsky,Av"]
[PlyCount "65"]
[EventDate "1996.04.??"]
[EventType "tourn"]
[EventRounds "11"]
[EventCountry "ISR"]
[EventCategory "9"]
[SourceTitle "CBM 053"]
[Source "ChessBase"]
[SourceDate "1996.08.01"]
[SourceVersion "1"]
[SourceVersionDate "1996.08.01"]
[SourceQuality "1"]

1. d4 Nf6 2. c4 e6 3. Nc3 Bb4 4. e3 O-O 5. Bd3 c5 6. Nge2 d5 7. O-O cxd4 8.
exd4 dxc4 9. Bxc4 Nc6 (9... Nbd7 $5) 10. a3 Be7 (10... Bd6 $5) 11. Qd3 b6 (
11... a6 $5 12. Re1 b5 13. Ba2 Bb7 $13 {Petkov,V-Bojkovic,N/YUG/1994/0:1/37/})
12. Bg5 Bb7 13. Rad1 Nd5 14. Bxd5 $5 {N/} (14. Bc1 Nxc3 15. Nxc3 Bf6 16. Ne4
Rc8 17. Ba2 Bxd4 $13 {Milanovic,D-Milanovic,R/Pozerevac/1995/1:0/70/}) 14...
Bxg5 $6 (14... exd5 $5 15. Bxe7 Nxe7 $14) 15. Be4 g6 16. Qf3 Qc8 17. d5 $1 exd5
18. Bxd5 $16 Nd8 (18... Na5 19. b4 Bxd5 20. Qxd5 $18) 19. Ne4 Bxd5 (19... Be7
$32) 20. Rxd5 Be7 (20... Bh6 21. Nf6+ Kh8 22. Rfd1 $16) 21. Rc1 Qb8 22. Rd7 Qe5
23. Rcc7 Re8 24. N4c3 $1 Bd6 (24... Rb8 25. Rxa7 $18) 25. Rxd8 $1 $18 Bxc7 26.
Rxa8 Qxh2+ 27. Kf1 Qh1+ 28. Ng1 Rxa8 29. Qxa8+ Kg7 30. Qxa7 Bh2 31. Nce2 Bxg1
32. Nxg1 Qh6 33. Qc7 1-0

[Event "Moscow op2"]
[Site "Moscow"]
[Date "1995.??.??"]
[Round "2"]
[White "Kastanieda, Georgiy"]
[Black "Arkhipov, Sergey"]
[Result "0-1"]
[WhiteElo "2400"]
[BlackElo "2520"]
[Annotator "Chekhov,V"]
[PlyCount "117"]
[EventDate "1995.11.??"]
[EventType "swiss"]
[EventRounds "9"]
[EventCountry "RUS"]
[SourceTitle "CBM 050 Extra"]
[Source "ChessBase"]
[SourceDate "1996.03.01"]
[SourceVersion "1"]
[SourceVersionDate "1996.03.01"]
[SourceQuality "1"]

1. d4 Nf6 2. c4 e6 3. Nc3 Bb4 4. e3 O-O 5. Bd3 c5 6. Nge2 d5 7. cxd5 cxd4 8.
exd4 Qxd5 9. O-O Qh5 10. Ne4 Nxe4 11. Bxe4 Bd6 12. h3 $5 {N/} (12. Bf4 Bxf4 13.
Nxf4 Qxd1 (13... Qh6 14. Qf3 Nc6 15. Bxc6 bxc6 16. Rfd1 Rb8 17. Nd3 Qf6 18.
Qxf6 gxf6 19. Rac1 $16 {Galliamova-Ivanchuk,A-Arkhipov,S/Naberezhnye Chelny/
1993/0,5/47/}) (13... Qg5 14. Qf3 Nd7 15. Rac1 Qb5 16. b3 Nf6 17. Rc5 Qd7 18.
Rd1 Rb8 19. Nh5 Nxh5 20. Qxh5 f5 21. Bf3 $14 {Lerner,K-Benjamin,J/Moscow/1987/
0,5/43/}) 14. Rfxd1 Nd7 15. Rac1 Nf6 16. Bf3 Rd8 17. h4 $14 {Lempert,
I-Arkhipov,S/Naberezhnye Chelny/1993/0|1/44/}) 12... Nc6 13. Be3 e5 14. Re1 Qh4
15. Bxc6 bxc6 16. Qc2 Rb8 $1 17. b3 (17. Qxc6 Bb7 (17... Bb4 $5 18. Red1 Bb7
$44) (17... Rb6 $5) 18. Qxd6 Qe4 19. Nf4 $1 exf4 20. f3 Qc2 21. Qxf4 $16) 17...
e4 18. Qxc6 Rb6 19. Qd5 (19. Qc1 $5) 19... h6 $1 20. Ng3 (20. Nc3 Bb4 (20...
Re8 $36) 21. Rec1 Bxc3 22. Rxc3 Rg6 23. Kf1 Rxg2 24. Rxc8 $1) 20... Bb7 21. Qf5
Bxg3 22. fxg3 Qxg3 23. d5 (23. Qf2 Qg6 24. d5 Rf6 25. Qd2 Rd8 $17) 23... Rg6
24. Re2 Ba6 $6 (24... Bc8 $5 25. Qxe4 Bxh3 $36) 25. Bf4 Qc3 26. Rc1 (26. Ree1
Be2 $1 27. Rac1 Qd3 $40) 26... Qd4+ (26... Qxc1+ 27. Bxc1 Bxe2 28. Qxe4 $13)
27. Be3 Qd3 28. Ree1 Bb7 29. Rcd1 Qa6 30. Rd2 (30. Qxe4 Qxa2 $17) 30... Bc8 31.
Qxe4 Bxh3 32. Rf2 (32. d6 $5) 32... Qb7 33. Bc5 Rc8 34. b4 a5 35. a3 axb4 36.
axb4 Rd8 37. Qh4 Qc8 38. Kh1 Bg4 39. Qe7 Rd7 (39... f5 40. Re6 Kh7 41. Rxg6
Kxg6 42. Qe6+ $132) 40. Qe4 $6 (40. Qe8+ $5 Qxe8 41. Rxe8+ Kh7 42. d6 $132)
40... Kh7 $1 41. Rf4 (41. d6 $5) 41... f5 42. Qe5 Qa8 $1 43. Ra1 (43. d6 Bh3
$19) (43. Rd4 Qa2 $36) 43... Qxd5 44. Qxd5 Rxd5 $19 45. Rd4 Re5 46. Ra2 Be2 47.
Rd7 f4 48. Rd6 Rg4 49. Rd4 Bb5 50. Rd1 (50. Kg1 $5) 50... Bc6 51. Kg1 f3 52.
Rd4 Re1+ 53. Kf2 Re2+ (53... Rxg2+ 54. Kxe1 Rxa2 $19) 54. Rxe2 Rxg2+ 55. Ke1 (
55. Kf1 fxe2+ 56. Ke1 Bb5 $19) 55... Rxe2+ 56. Kf1 Bb5 57. Rd6 h5 58. Kg1 Rg2+
59. Kh1 0-1

[Event "NOR-ch"]
[Site "Drammen"]
[Date "1994.??.??"]
[Round "6"]
[White "Djurhuus, Rune"]
[Black "Fossan, Erik"]
[Result "1-0"]
[WhiteElo "2460"]
[BlackElo "2340"]
[Annotator "ChessBase"]
[PlyCount "135"]
[EventDate "1994.??.??"]
[EventType "swiss"]
[EventRounds "9"]
[EventCountry "NOR"]
[SourceTitle "TD"]
[Source "ChessBase"]
[SourceDate "1994.03.01"]
[SourceVersion "1"]
[SourceVersionDate "1994.03.01"]
[SourceQuality "1"]

1. d4 Nf6 2. c4 e6 3. Nc3 Bb4 4. e3 c5 5. Bd3 Nc6 6. Nge2 cxd4 7. exd4 d5 8.
cxd5 Nxd5 9. O-O O-O 10. Qc2 g6 11. a3 Nxc3 12. bxc3 Be7 13. Be4 Bd7 14. c4 Rc8
15. Bd2 Bf6 16. Qd3 Qb6 17. c5 Qd8 18. Bh6 Bg7 19. Bxg7 Kxg7 20. Rfd1 Qc7 21.
Nc3 Ne7 22. Nb5 Bxb5 23. Qxb5 b6 24. Rac1 Rfd8 25. Bf3 Kg8 26. g3 Nf5 27. Qb2
h5 28. Kg2 bxc5 29. dxc5 Rxd1 30. Bxd1 Rb8 31. Qc3 e5 32. c6 Nd4 33. Qc4 Rc8
34. Bf3 Nxf3 35. Kxf3 Kg7 36. Kg2 Kg8 37. h4 Kg7 38. Kg1 Re8 39. a4 a5 40. Qd5
Rc8 $2 (40... Rd8 $10) 41. Rc5 Kg8 42. Qc4 Kg7 43. Kh2 Kg8 44. Kg2 Kg7 45. Kg1
Re8 {[#]} 46. Kf1 $2 (46. Rb5 Re6 47. Qxe6 $1) 46... Re6 47. Qd5 Kg8 48. Qd7
Re7 49. Qxc7 Rxc7 50. Ke2 Kf8 51. Kd3 Ke7 52. Kc4 Kd6 53. Kb5 Rc8 54. c7 Rxc7
55. Rxc7 Kxc7 56. Kxa5 Kc6 57. Kb4 f6 58. Kc4 g5 59. a5 g4 60. a6 Kb6 61. Kd5
Kxa6 62. Ke6 Kb5 63. Kxf6 Kc4 64. Kg5 Kd3 65. Kxh5 Ke2 66. Kxg4 Kxf2 67. Kf5
Kxg3 68. h5 1-0

[Event "Khanty-Mansiysk FIDE GP (Women)"]
[Site "Khanty-Mansiysk"]
[Date "2014.04.20"]
[Round "10"]
[White "Ushenina, Anna"]
[Black "Dzagnidze, Nana"]
[Result "1/2-1/2"]
[WhiteElo "2501"]
[BlackElo "2550"]
[Annotator "ChessBase Website"]
[PlyCount "97"]
[EventDate "2014.04.09"]
[EventType "tourn"]
[EventRounds "11"]
[EventCountry "RUS"]
[EventCategory "10"]
[SourceTitle "CBM 160"]
[Source "ChessBase"]
[SourceDate "2014.05.15"]
[SourceVersion "1"]
[SourceVersionDate "2014.05.15"]
[SourceQuality "1"]
[TimeControl "40/5400+30:1800+30"]
[WhiteClock "1:30:00"]
[BlackClock "1:30:00"]

1. d4 {[%emt 0:00:00]} Nf6 {[%emt 0:00:00]} 2. c4 {[%emt 0:00:00]} e6 {[%emt 0:
00:00]} 3. Nc3 {[%emt 0:00:00]} Bb4 {[%emt 0:00:00]} 4. e3 {[%emt 0:00:00]} O-O
{[%emt 0:00:25]} 5. Bd3 {[%emt 0:00:11]} d5 {[%emt 0:00:10]} 6. a3 {[%emt 0:01:
24]} Bd6 {[%emt 0:07:04]} (6... Bxc3+ 7. bxc3 dxc4 8. Bxc4 c5 9. Nf3 Qc7 10.
Ba2 b6 11. O-O Bb7 12. Nd2 Nbd7 13. Bb2 Rad8 14. Re1 Ne4 15. Nxe4 Bxe4 16. c4
cxd4 17. exd4 Bg6 18. Qe2 Nf6 19. d5 exd5 20. Bxf6 gxf6 21. cxd5 Qd6 22. Bc4
Rc8 23. a4 Rc5 24. Rad1 Kg7 25. Rd4 Rfc8 26. Red1 Qe5 27. Qa2 Rd8 28. Bf1 Rd6
29. Qd2 h5 30. f4 Qe7 31. Qf2 Qd7 32. Bb5 Qc8 33. Bc6 Qf5 34. h3 Rc2 35. R1d2
Rc1+ 36. Rd1 {Tkachiev,V (2637)-Wojtaszek,R (2711) Warsaw 2013 0-1}) 7. Nf3 {
[%emt 0:02:29]} b6 {[%emt 0:03:58]} 8. e4 {[%emt 0:14:12]} dxe4 {[%emt 0:01:46]
} 9. Nxe4 {[%emt 0:02:25]} Nbd7 {[%emt 0:09:39]} 10. Nxd6 {[%emt 0:17:23]} cxd6
{[%emt 0:00:06]} 11. O-O {[%emt 0:00:08]} Bb7 {[%emt 0:18:41]} 12. Re1 $146 {
[%emt 0:01:21]} (12. Bf4 e5 13. dxe5 Bxf3 14. Qxf3 Nxe5 15. Qd1 Nxd3 16. Qxd3
d5 17. Rfd1 dxc4 18. Qxc4 Qc8 19. Rac1 Qxc4 20. Rxc4 Rfd8 21. Rxd8+ Rxd8 22. f3
Nd5 23. Bd2 f6 24. Kf2 Kf7 25. g4 Rd7 26. a4 g5 27. Ke2 h6 28. b4 Ne7 29. b5 f5
30. f4 fxg4 31. fxg5 h5 32. Rf4+ Kg7 33. Rf6 Ng6 34. a5 bxa5 35. Ra6 Ne5 36.
Bc3 Re7 37. Kf2 h4 38. Rh6 a4 39. Ra6 Kf7 40. Rxa4 Kg6 41. Bxe5 {1/2-1/2 (41)
Sokolov,I (2663)-Wang,H (2752) Wijk aan Zee 2013}) 12... Re8 {[%emt 0:04:26]}
13. Bg5 {[%emt 0:05:40]} Qc7 {[%emt 0:01:45]} 14. Rc1 {[%emt 0:02:15]} e5 {
[%emt 0:08:18]} 15. Bf5 {[%emt 0:12:25]} h6 {[%emt 0:16:52]} 16. Be3 {[%emt 0:
07:54]} Nf8 {[%emt 0:05:09]} 17. b4 {[%emt 0:10:05]} e4 {[%emt 0:03:15]} 18.
Nd2 {[%emt 0:00:36]} Bc8 {[%emt 0:00:08]} 19. Bxc8 {[%emt 0:01:46]} Raxc8 {
[%emt 0:02:06]} 20. d5 {[%emt 0:01:42]} N8d7 {[%emt 0:09:12]} 21. Bd4 {[%emt 0:
00:54]} Qb7 {[%emt 0:00:43]} 22. Qc2 {[%emt 0:07:30]} Nxd5 {[%emt 0:03:04]} 23.
Nxe4 {[%emt 0:00:51]} Nf4 {[%emt 0:00:12]} 24. f3 {[%emt 0:00:15]} Re6 {
[%emt 0:00:06]} 25. Qd2 {[%emt 0:00:59]} Ng6 {[%emt 0:00:20]} 26. Bb2 {[%emt 0:
02:24]} Qc6 {[%emt 0:00:33]} 27. Qd4 {[%emt 0:05:34]} Nde5 {[%emt 0:00:15]} 28.
c5 {[%emt 0:00:07]} bxc5 {[%emt 0:01:37]} 29. bxc5 {[%emt 0:00:02]} dxc5 {
[%emt 0:01:29]} 30. Rxc5 {[%emt 0:00:38] Another typical game for the
tournament: Ushenina obtained an opening advantage, missed a clear opportunity
to press forward and the game ended in a draw and a spoilt opportunity. Had
Ushenina converted every clear advantage she had this tournament the standings
would be entirely different.} Qa8 {[%emt 0:00:52]} 31. Kh1 {[%emt 0:00:36]} Rd8
{[%emt 0:01:57]} 32. Qc3 {[%emt 0:00:02]} Kh7 {[%emt 0:01:18]} 33. Rc7 {
[%emt 0:01:13]} Rc6 {[%emt 0:00:16]} 34. Rxc6 {[%emt 0:01:37]} Qxc6 {[%emt 0:
00:02]} 35. Qxc6 {[%emt 0:00:59]} Nxc6 {[%emt 0:00:02]} 36. Rc1 {[%emt 0:00:12]
} Nge7 {[%emt 0:01:06]} 37. Kg1 {[%emt 0:00:06]} Rd5 {[%emt 0:00:56]} 38. Bc3 {
[%emt 0:00:36]} f5 {[%emt 0:00:33]} 39. Nd2 {[%emt 0:00:08]} Rd3 {[%emt 0:00:
22]} 40. Nc4 {[%emt 0:00:00]} Nd5 {[%emt 0:00:00]} 41. Bb2 {[%emt 0:05:10]} Nf4
{[%emt 0:06:44]} 42. Kf1 {[%emt 0:07:20]} Rb3 {[%emt 0:03:20]} 43. Rc3 {
[%emt 0:01:34]} Rb8 {[%emt 0:04:11]} 44. g3 {[%emt 0:01:45]} Ne6 {[%emt 0:01:
35]} 45. Kf2 {[%emt 0:05:09]} Na5 {[%emt 0:04:51]} 46. Ba1 {[%emt 0:02:38]} Nb3
{[%emt 0:00:37]} 47. Bb2 {[%emt 0:00:09]} Na5 {[%emt 0:00:18]} 48. Ba1 {
[%emt 0:00:35]} Nb3 {[%emt 0:00:09]} 49. Bb2 {[%emt 0:00:42]} 1/2-1/2

[Event "Biel SKA"]
[Site "Biel"]
[Date "1996.07.28"]
[Round "6"]
[White "Milov, Vadim"]
[Black "Onischuk, Alexander"]
[Result "1/2-1/2"]
[WhiteElo "2565"]
[BlackElo "2605"]
[Annotator "Dautov,R"]
[PlyCount "91"]
[EventDate "1996.07.22"]
[EventType "tourn"]
[EventRounds "11"]
[EventCountry "SUI"]
[EventCategory "16"]
[SourceTitle "CBM 055"]
[Source "ChessBase"]
[SourceDate "1996.12.01"]
[SourceVersion "1"]
[SourceVersionDate "1996.12.01"]
[SourceQuality "1"]

1. d4 Nf6 2. c4 e6 3. Nc3 Bb4 4. e3 c5 5. Bd3 d5 6. cxd5 Nxd5 7. Nge2 cxd4 8.
exd4 Nc6 9. a3 Be7 10. Bc2 O-O 11. Qd3 g6 12. h4 (12. Bh6 Re8 13. O-O) 12...
Nxc3 (12... e5 $6 13. dxe5 Nxc3 (13... Bf5 14. Qxd5 Bxc2 15. Bg5 $1 {Knaak,
Inf.46/765}) 14. Qxc3 Bg4 15. f3 Rc8 16. fxg4 Nxe5 17. Qb3 Bxh4+ 18. g3 $16 {
Knaak-Christiansen/Thessaloniki ol/1988}) 13. bxc3 e5 14. Qd2 $2 (14. Qg3 $1 {
>=} exd4 15. h5 Bd6 16. Bf4 Bxf4 17. Nxf4 g5 18. h6 f6 19. O-O dxc3 20. Rad1
$16 {Foisor,O-Hebert/Saint John op/1988}) 14... exd4 15. cxd4 (15. h5 $2 {
-> Knaak} d3 $1 (15... dxc3 $2 16. Qh6 $16) 16. Bxd3 (16. hxg6 dxc2 17. gxh7+
Kh8 $19) 16... Ne5 17. Be4 Qxd2+ 18. Bxd2 Be6 $17) 15... Bf6 16. Bb2 Re8 $17
17. Kf1 (17. O-O $2 Bxh4 18. d5 Ne5 $17 (18... Bg5 19. f4 Qb6+ 20. Kh1 Qxb2 21.
fxg5 Bg4 22. Nc3 $13)) 17... Be6 (17... Bg4 $5 18. f3 Be6 $17) 18. Rd1 Qb6 $6 (
18... Bc4 $5 19. Bd3 Qd5 $17 {/\} 20. Bxc4 Qxc4 21. d5 $2 Bxb2 22. Qxb2 Rad8
23. d6 Re6 24. d7 Re7 $17) (18... h5 $5 19. Nf4 Bc4+ 20. Kg1 Qd6 21. Rh3 Rad8
$17 {><d4}) 19. Bc3 Bc4 (19... Rad8 20. h5 $132) 20. Bd3 Qa6 (20... Bxd3 21.
Qxd3 h5 22. d5 Ne5 23. Bxe5 Rxe5 24. Nf4 Rd8 25. g3 $10 {/\Kg2}) 21. h5 $132
Bxd3 22. Qxd3 Qxd3 23. Rxd3 Rad8 24. hxg6 fxg6 25. d5 $10 Ne5 26. Rd1 Rd7 27.
Rh3 Rc8 (27... Red8 28. f4 (28. Nf4 g5 29. Rg3 h6 30. Nh5 Bh8 31. f4 $10) 28...
Ng4 29. Rg3 Bxc3 30. Nxc3 h5 31. Rgd3 $10) 28. Rg3 Kf7 29. Re3 Ng4 30. Rh3 h5
31. Bxf6 Kxf6 32. Rf3+ Ke5 33. Rfd3 Kf6 (33... Rc2 $2 34. f3 Nf6 $4 35. Re3+
Kd6 36. Re6+ $18) 34. Nc3 Ne5 35. Re3 Nc4 36. Ne4+ Kg7 37. Rc3 b5 38. d6 Re8
39. f3 Re5 40. Rd4 Kf7 41. Kf2 g5 42. g3 Rf5 43. Kg2 Ke8 44. Rd1 g4 45. f4 Kd8
46. a4 1/2-1/2

[Event "Altensteig"]
[Site "Altensteig"]
[Date "1992.??.??"]
[Round "8"]
[White "Sadler, Matthew D"]
[Black "Schlosser, Philipp"]
[Result "0-1"]
[WhiteElo "2515"]
[BlackElo "2500"]
[Annotator "Dautov,R"]
[PlyCount "96"]
[EventDate "1992.07.??"]
[EventType "tourn"]
[EventRounds "11"]
[EventCountry "GER"]
[EventCategory "11"]
[SourceTitle "CBM 031"]
[Source "ChessBase"]
[SourceDate "1992.12.01"]
[SourceVersion "1"]
[SourceVersionDate "1992.12.01"]
[SourceQuality "1"]

1. d4 Nf6 2. c4 e6 3. Nc3 Bb4 4. e3 c5 5. Bd3 Nc6 6. Nge2 cxd4 7. exd4 d5 8.
cxd5 Nxd5 9. O-O O-O 10. Bc2 Bd6 11. Ne4 Nce7 {N} (11... Bc7 12. a3 b6 13. Qd3
f5 14. N4c3 Nxc3 15. Qxc3 Bb7 16. Bb3 Kh8 17. Bf4 Rf6 18. Bxc7 Qxc7 19. d5 exd5
20. Bxd5 Rd8 $10 {Tabatadze,T-Magerramov,E Moscow op Russian Winter 1991}) (
11... Be7 12. a3 b6 (12... e5 $5) 13. Qd3 g6 14. Bh6 Re8 15. Rad1 Bb7 16. Rfe1
Rc8 17. N2c3 Na5 18. Qg3 Nc4 19. Ba4 Bc6 20. Bb3 Nxc3 {Shirov,A-Psakhis,L
Klaipeda 46/758 1988} 21. Nxc3 Bd6 22. Bf4 Bxf4 23. Qxf4 Qd6 $10 {Psakhis}) 12.
N2c3 (12. Nxd6 Qxd6 13. Qd3 Ng6 14. a3 Bd7 15. h4 f5 16. h5 Nge7 $13) 12... Bc7
13. Re1 (13. a3 $5) 13... Bb6 14. Ng5 Nf6 15. Nf3 h6 16. Bf4 (16. a3 Bd7 (16...
Nc6 17. Be3) 17. Ne5 Bc6 18. Be3 Rc8 $10) 16... Nc6 17. Be5 Ng4 $1 18. Qd3 f5
19. Rad1 Ngxe5 (19... Nb4 $2 20. Qe2 Nxc2 21. Qxc2 $16 {><e6}) 20. dxe5 Qxd3
21. Bxd3 a6 22. h4 Kf7 (22... Bc7 $5) 23. a3 (23. Nd2 $2 Bd4 24. Nc4 b5 25.
Nd6+ Ke7 $17) (23. Ne2 Rd8 24. Nf4 Ba5 25. Rf1 b5 26. Bc2 $10) 23... Rd8 24. h5
$6 (24. Ne2) 24... Bc7 $1 25. Na4 $6 Rb8 26. b4 Ke7 27. g3 Bd7 28. Nh4 Be8 $6 (
28... Nxe5 $142 29. Nc5 Bc6 30. Ng6+ Kf6 31. Nxe5 Bxe5 $17) 29. Ng6+ Bxg6 30.
hxg6 Nxe5 31. Nc5 Nf3+ (31... Kf6 32. Kg2 Rd6 33. Bf1 $132) 32. Kg2 Nxe1+ 33.
Rxe1 e5 34. Bxf5 Rd2 35. g4 h5 (35... Bd6 36. Ne4 Rd5 $17 37. f4 Re8) 36. gxh5
Rf8 37. Ne4 Ra2 38. h6 $6 (38. Bg4 $142) 38... gxh6 39. Rd1 $2 (39. Bg4 Rf4 40.
Kg3 Rxa3+ 41. f3 Kf8 $140 42. Nc5 $44) 39... Rxf5 40. g7 Kf7 41. Rd7+ Kg8 42.
Rxc7 Rf4 43. Nd6 Rfxf2+ 44. Kh3 Rxa3+ 45. Kg4 Rf4+ 46. Kh5 Rh3+ 47. Kg6 Rg3+
48. Kh5 Rxg7 0-1